000 00479nam a2200181Ia 4500
001 8350
005 20260306160602.0
008 260306t2002||||xx |||||||||||||| ||spa||
041 _aESP
082 _aS 370.5
_bM61 No. 14
100 _aTrelles, Carmen
_eAUT
245 0 _aEl Plan Nacional de Capacitación:
_bDocente: Resumen histórico PLANCAD 1994-2000
260 _c2002
300 _a58 páginas :
_c30 cm.
650 _aGEN
654 _aCED
942 _cLIB
_dJUS
_fJUS
_2ddc
_n
999 _c8350
_d8350